Przywróć alfabet miastom w Niemczech - Statystyki

Ogólne statystyki
  • Ten quiz został rozwiązany 28 razy
  • Średni wynik to 18 z 24
Statystyki odpowiedzi
Hint Odpowiedź % Poprawnych
Offnbach E
96%
Madeburg G
91%
Berin L
91%
Kilnia O
91%
Augburg S
91%
Lueka B
87%
Darmstat D
87%
Rostok C
83%
Chenitz M
83%
Erfur T
83%
Chociebż U
83%
Pocdam Z
83%
Slzgitter A
74%
Hedelberg I
74%
Akwizgan R
74%
Leerkusen V
74%
Muleim H
70%
Soligen N
61%
Ludwigshaen F
57%
Scherin W
57%
Ena J
52%
Refeld K
48%
Forzheim P
39%
Dessau-Rolau ß
39%
Nie znaleziono quizów pasujących do podanych kryteriów
Rozkład punktacji
Procent ludzi z każdym wynikiem
Percentyl według liczby udzielonych odpowiedzi
Twoja historia wyników
Nie rozwiązałeś tego quizu